Statistics for Countries with Autonomous Regions

Click here to take the quiz!

General Stats

  • This quiz has been taken 123 times
  • The average score is 20 of 37

Answer Stats

Country% Correct
France
97%
United Kingdom
97%
China
95%
United States
95%
Spain
94%
Russia
93%
Italy
84%
Portugal
79%
Denmark
75%
Indonesia
70%
Netherlands
68%
Greece
67%
Mexico
66%
New Zealand
66%
Finland
63%
Argentina
62%
Pakistan
62%
Iraq
57%
Georgia
53%
Azerbaijan
50%
Serbia
46%
Somalia
46%
South Korea
46%
Philippines
45%
Papua New Guinea
37%
Syria
36%
Uzbekistan
35%
Moldova
33%
Bosnia and Herzegovina
28%
Tanzania
22%
Nicaragua
19%
Tajikistan
17%
Antigua and Barbuda
15%
Fiji
15%
Trinidad and Tobago
13%
Mauritius
6%
Sao Tome and Principe
6%

Score Distribution

Percentile by Number Answered

Percent of People with Each Score

Your Score History

You have not taken this quiz